Christmas Marvel Picture Quiz - Statistics

General Stats
  • This quiz has been taken 17 times
  • The average score is 16 of 21
Answer Stats
Picture Answer % Correct
Hulk
100%
Spider-Man
100%
Ant-Man
94%
Deadpool
94%
Thing
94%
Wolverine
94%
Red Hulk
88%
Gambit
82%
Luke Cage
82%
Iron Fist
76%
Moon Knight
76%
Punisher
76%
Wasp
76%
Ms. Marvel
71%
Rogue
71%
Elektra
65%
Gwenpool
65%
Jean Grey
65%
Man-Thing
53%
Spider-Boy
53%
Squirrel Girl
47%
No matching quizzes found
Score Distribution
Percent of People with Each Score
Percentile by Number Answered
Your Score History
You have not taken this quiz